| 000 | 00850nam a22002657a 4500 | ||
|---|---|---|---|
| 003 | EG-ScBUE | ||
| 005 | 20220118114759.0 | ||
| 008 | 090202s2002 enk f 000 1deng d | ||
| 020 | _a0007121083 | ||
| 020 | _a9780007121083 | ||
| 040 |
_aEG-ScBUE _beng _erda _cEG-ScBUE _dEG-ScBUE |
||
| 082 | 0 | 4 |
_222 _a823.912 _bCHR |
| 100 |
_aChristie, Agatha, _d1890-1976, _eauthor. _940452 |
||
| 245 | 1 | 4 |
_aThe adventure of the Christmas pudding / _cAgatha Christie. |
| 264 | 1 |
_aLondon : _bHarper Collins Publishers, _c2002. |
|
| 300 |
_a363 pages ; _c18 cm |
||
| 336 |
_2rdacontent _atext _btxt |
||
| 337 |
_2rdamedia _aunmediated _bn |
||
| 338 |
_2rdacarrier _avolume _bnc |
||
| 600 | 1 | 7 |
_aPoirot, Herculeā _c(Fictitious character) _vFiction. _2BUEsh |
| 651 | _2BUEsh | ||
| 653 |
_bHHUUEENN _cJanuary2021 |
||
| 655 |
_vReading book _934232 |
||
| 942 |
_2ddc _cBB |
||
| 999 |
_c10613 _d10613 |
||